000 01109cam a2200289 i 4500
001 bg
003 KOSZ 005
005 20220104103706.0
008 011210s2001 pl f |001 0 pol
015 _aPB 2001/19942
020 _a8322921616
040 _aWA N
_cKOSZ 005/HR
_dKOSZ 005/HR
041 1 _apol
_hspa
080 _a316.77
245 0 0 _aNauka o komunikowaniu :
_bpodstawowe orientacje teoretyczne /
_cpod red. Bogusławy Dobek-Ostrowskiej.
260 _aWrocław :
_bWydaw. Uniwersytetu Wrocławskiego,
_c2001.
300 _a236 s. ;
_c24 cm.
490 1 _aActa Universitatis Wratislaviensis,
_x0239-6661 ;
_vno 2309.
504 _aBibliogr. przy rozdz. - Indeksy.
546 _aTekst częśc. tł. z hisz.
650 4 _aKomunikacja społeczna.
_xteoria.
710 2 _aUniwersytet Wrocławski.
_bWydawnictwo.
_4pbl.
700 1 _aDobek-Ostrowska, Bogusława
_d(1955- )
_eRedakcja
830 0 _aActa Universitatis Wratislaviensis,
_vnr 2309.
856 _uhttp://koha.tu.koszalin.pl/cgi-bin/koha/opac-detail.pl?biblionumber=41508
_yKatalog online BPK
942 _2UKD
_cKS
999 _c41508
_d41508